[Event "9th Amplico Life Rapid"]
[Site "Warsaw POL"]
[Date "2009.12.19"]
[Round "3"]
[White "Czarnota,D"]
[Black "Muzychuk,M"]
[Result "0-1"]
[WhiteElo "2214"]
[BlackElo "2447"]
[EventDate "2009.12.19"]

1. e4 c5 2. Nf3 e6 3. d4 cxd4 4. Nxd4 a6 5. Bd3 Bc5 6. Nb3 Ba7 7. Qe2 d6 8.
Be3 Nc6 9. Nc3 b5 10. a4 b4 11. Na2 Nge7 12. O-O O-O 13. Bxa7 Rxa7 14. c3
bxc3 15. Nxc3 Nb4 16. Bb1 Rd7 17. Nd4 Bb7 18. Ra3 e5 19. Nf3 a5 20. Rd1 f5
21. Ng5 Qc8 22. exf5 Nxf5 23. Nxh7 Rff7 24. Ng5 Rf6 25. Nce4 Rh6 26. Rc3
Rc7 27. Rdc1 Nd4 28. Qd1 Rc6 29. Rxc6 Bxc6 30. Rc3 Qe8 31. Ng3 Bxa4 32. Qg4
Bd7 33. Qd1 d5 34. Rc5 Qe7 35. Qc1 Bc6 36. Nh3 Nb3 37. Rxc6 Rxc6 38. Qd1
Rc1 0-1

[Event "9th Amplico Life Rapid"]
[Site "Warsaw POL"]
[Date "2009.12.19"]
[Round "3"]
[White "Piorun,K"]
[Black "Rudnicki,M"]
[Result "1-0"]
[WhiteElo "2475"]
[BlackElo "2221"]
[EventDate "2009.12.19"]

1. c4 e5 2. g3 Nf6 3. Bg2 d5 4. cxd5 Nxd5 5. Nc3 Nb6 6. Nf3 Nc6 7. O-O Be7
8. a4 a5 9. d3 O-O 10. Be3 Be6 11. Rc1 Nd5 12. Bd2 Qd7 13. Ne4 f6 14. Qc2
Ndb4 15. Bxb4 axb4 16. Nc5 Bxc5 17. Qxc5 Rxa4 18. Ra1 Rxa1 19. Rxa1 b6 20.
Qb5 Nd4 21. Qxd7 Nxf3+ 22. Bxf3 Bxd7 23. Ra7 Rd8 24. Bd5+ Kf8 25. Rxc7 Ke7
26. Be4 Kd6 27. Rc4 f5 28. Bf3 b5 29. Rxb4 g5 30. Rb3 Be6 31. Rc3 Bd5 32.
Bxd5 Kxd5 33. b4 Kd6 34. Rc5 Rb8 35. Kg2 h5 36. f4 gxf4 37. gxf4 Rg8+ 38.
Kf3 e4+ 39. dxe4 fxe4+ 40. Ke3 h4 41. Rh5 Rg4 42. Kxe4 Rg2 43. Kf3 Rxh2 44.
Rxb5 Rh3+ 45. Ke4 Rb3 46. Rb6+ Kc7 47. Rh6 h3 48. e3 Rxb4+ 49. Kf3 1-0

[Event "9th Amplico Life Rapid"]
[Site "Warsaw POL"]
[Date "2009.12.19"]
[Round "3"]
[White "Markowski,T"]
[Black "Lagowski,P"]
[Result "1-0"]
[WhiteElo "2629"]
[BlackElo "2322"]
[EventDate "2009.12.19"]

1. g3 g6 2. Bg2 Bg7 3. c4 d6 4. Nc3 e5 5. d3 Ne7 6. e4 O-O 7. Nge2 Nbc6 8.
O-O Nd4 9. Nxd4 exd4 10. Ne2 c5 11. b4 cxb4 12. a3 bxa3 13. Bxa3 Nc6 14.
Nf4 Kh8 15. Nd5 f5 16. f4 Re8 17. Re1 fxe4 18. Bxe4 Bh3 19. Rb1 Qd7 20. Qa4
Bf5 21. Qb3 Bxe4 22. dxe4 b6 23. Qd3 Rac8 24. Bb4 Re6 25. Kg2 Rce8 26. Bd2
Ne7 27. h3 Nc6 28. Bb4 Rc8 29. Bd2 Ree8 30. g4 Nd8 31. Bb4 Qc6 32. Rbc1 Ne6
33. Qa3 d3 34. f5 gxf5 35. gxf5 a5 36. Bc3 d2 37. Bxd2 Rg8 38. Kh1 Nc5 39.
f6 Bf8 40. Qf3 Nd7 41. Bc3 Ne5 42. Bxe5 dxe5 43. Rg1 Bc5 44. Rxg8+ Rxg8 45.
f7 Rf8 46. Qf5 Qg6 47. Qxe5+ Qg7 48. Rb1 Rxf7 49. Nxb6 Rb7 50. Rb5 Bxb6 51.
c5 a4 52. Qxg7+ Kxg7 53. cxb6 a3 54. Kg2 a2 55. Ra5 Rxb6 56. Rxa2 Kf6 57.
Ra7 h6 58. Kg3 Rb1 59. Ra5 Re1 60. Kf4 Rf1+ 61. Kg4 Re1 62. Rf5+ Kg6 63.
Kf4 Rh1 64. Kg3 Rg1+ 65. Kf2 Ra1 66. Rf3 Ra2+ 67. Kg3 Re2 68. Kf4 Kf6 69.
Re3 Rf2+ 70. Kg3 Ra2 71. Kf4 Rf2+ 72. Rf3 Rg2 73. Ke3+ Ke6 74. Kd4 Rd2+ 75.
Rd3 Rh2 76. Ra3 Rd2+ 77. Ke3 Rb2 78. Ra6+ Ke5 79. Ra5+ Kf6 80. Rf5+ Kg6 81.
h4 Rb3+ 82. Kf4 Rb1 83. h5+ Kg7 84. Ra5 Rh1 85. Ra7+ Kf6 86. e5+ Ke6 87.
Ra6+ Kd5 88. Rd6+ Kc5 89. Rxh6 Rf1+ 90. Ke4 Re1+ 91. Kf5 Rf1+ 92. Ke6 Kd4
93. Rf6 Re1 94. Rf4+ Kc5 95. Rh4 1-0

[Event "9th Amplico Life Rapid"]
[Site "Warsaw POL"]
[Date "2009.12.19"]
[Round "3"]
[White "Daulyte,D"]
[Black "Kempinski,R"]
[Result "0-1"]
[WhiteElo "2307"]
[BlackElo "2617"]
[EventDate "2009.12.19"]

1. e4 c5 2. Nf3 e6 3. d4 cxd4 4. Nxd4 Nf6 5. Nc3 d6 6. g4 h6 7. h3 Nc6 8.
Be3 Bd7 9. Bg2 Ne5 10. Qe2 Rc8 11. Rd1 Nc4 12. Bc1 Qb6 13. b3 Qa5 14. O-O
Qxc3 15. Rd3 Qb4 16. bxc4 Qxc4 17. f4 Be7 18. g5 hxg5 19. fxg5 Nh5 20. e5
Ng3 21. Rxg3 Qxd4+ 22. Be3 Qxe5 23. Qf2 O-O 24. Rf3 f5 25. Bd4 Qa5 26. Qh4
e5 27. Qh5 Bxg5 28. Qxg5 exd4 29. Rg3 Rf7 30. Bxb7 Rxc2 31. Bf3 Qe5 32.
Qd8+ Rf8 33. Qh4 Bc6 34. Bd1 Qd5 35. Bxc2 Qh1+ 36. Kf2 Qh2+ 37. Ke1 Re8+
38. Kd1 Qe2+ 39. Kc1 Qxf1+ 40. Kb2 Rb8+ 41. Bb3+ Bd5 42. Qxd4 Qe2+ 43. Ka3
Qa6+ 44. Kb2 Qb7 45. Qd2 Qf7 46. Qd4 f4 47. Rg5 Bxb3 48. Qxd6 Rf8 49. axb3
Qf6+ 0-1

[Event "9th Amplico Life Rapid"]
[Site "Warsaw POL"]
[Date "2009.12.19"]
[Round "4"]
[White "Kurnosov,I"]
[Black "Piorun,K"]
[Result "1-0"]
[WhiteElo "2666"]
[BlackElo "2475"]
[EventDate "2009.12.19"]

1. e4 c6 2. d4 d5 3. e5 Bf5 4. Nd2 e6 5. Nb3 Be7 6. Be2 Nd7 7. Nf3 h5 8.
O-O Nh6 9. a4 Bg6 10. a5 a6 11. c4 h4 12. cxd5 cxd5 13. Bf4 Nf5 14. g4 hxg3
15. hxg3 Bh5 16. Kg2 Bxf3+ 17. Bxf3 Bg5 18. Qd2 Bh6 19. Rh1 Rg8 20. Bg4
Bxf4 21. Qxf4 g6 22. Rh7 Qe7 23. Rc1 Kd8 24. Bxf5 gxf5 25. Qh6 Rc8 26. Rh8
Rf8 27. Nc5 Rc6 28. Nxb7+ Kc7 29. Nd6 f4 30. Rxc6+ Kxc6 31. Qxf4 1-0

[Event "9th Amplico Life Rapid"]
[Site "Warsaw POL"]
[Date "2009.12.19"]
[Round "4"]
[White "Sergeev,Vl"]
[Black "Szmacinska,G"]
[Result "1/2-1/2"]
[WhiteElo "2428"]
[BlackElo "2232"]
[EventDate "2009.12.19"]

1. Nf3 d6 2. d4 Nf6 3. h3 g6 4. Bf4 Bg7 5. e3 O-O 6. Be2 b6 7. O-O Bb7 8.
c4 Nbd7 9. Nc3 Ne4 10. Rc1 Nxc3 11. bxc3 e5 12. Bh2 Qe7 13. a4 Rae8 14. a5
f5 15. Re1 Kh8 16. Ra1 f4 17. exf4 exf4 18. axb6 axb6 19. Qd2 g5 20. Bd3
Qd8 21. Rxe8 Rxe8 22. Ne1 Nf6 23. f3 Qe7 24. Nc2 d5 25. Re1 Qd7 26. Rxe8+
Qxe8 27. cxd5 Bxd5 28. c4 Bf7 29. Kh1 Bg6 30. Bg1 Nh5 31. Bf2 Bf6 32. Bxg6
Qxg6 33. Kg1 Ng7 34. Qe2 Qe8 35. Qd3 Qe6 36. Qa3 Kg8 37. d5 Qe2 38. Qb3 h5
39. c5 bxc5 40. Bxc5 Kh7 41. Kh2 g4 42. hxg4 hxg4 43. fxg4 Qxg4 44. Qh3+
Qxh3+ 45. Kxh3 Kg6 46. Kg4 Bg5 47. Nd4 Ne8 48. Kf3 Nf6 49. d6 cxd6 50. Bxd6
Nh5 51. Kg4 Nf6+ 52. Kf3 Nh5 53. Ke4 Nf6+ 54. Kf3 Nh5 55. Bc7 Bh6 56. Ba5
Bg7 57. Ne2 Kf5 58. Nxf4 Nxf4 59. g4+ Kg5 60. Bd8+ Bf6 61. Bxf6+ Kxf6 62.
Kxf4 Kg6 63. g5 Kg7 64. Kg4 Kg6 65. Kf4 Kf7 66. Kf5 Kg7 67. g6 Kg8 68. Kf6
Kf8 69. g7+ Kg8 70. Kg6 1/2-1/2

[Event "9th Amplico Life Rapid"]
[Site "Warsaw POL"]
[Date "2009.12.19"]
[Round "4"]
[White "Malisauskas,V"]
[Black "Ruckschloss,K"]
[Result "1-0"]
[WhiteElo "2483"]
[BlackElo "2249"]
[EventDate "2009.12.19"]

1. e4 d6 2. d4 Nf6 3. Nc3 g6 4. Nf3 c6 5. Be2 Bg7 6. O-O O-O 7. Re1 b5 8.
e5 Ne8 9. Bf4 d5 10. h3 Nc7 11. Qd2 Nd7 12. a4 b4 13. Na2 a5 14. c3 bxc3
15. Qxc3 Ne6 16. Qxc6 Nb6 17. Be3 Bd7 18. Qc2 Bxa4 19. b3 Bd7 20. Nc3 Qc7
21. Rec1 Rfc8 22. Qd2 Qb7 23. Ne1 a4 24. Nxa4 Rxc1 25. Qxc1 Nxa4 26. bxa4
Rxa4 27. Rxa4 Bxa4 28. Bg4 Qc6 29. Qa3 Bf8 30. Bxe6 fxe6 31. Nd3 Bc2 32.
Nc5 Kf7 33. Qa2 Bf5 34. Qb2 h6 35. g4 Be4 36. f3 1-0

[Event "9th Amplico Life Rapid"]
[Site "Warsaw POL"]
[Date "2009.12.19"]
[Round "4"]
[White "Azarov,S"]
[Black "Repkova,E"]
[Result "1-0"]
[WhiteElo "2622"]
[BlackElo "2434"]
[EventDate "2009.12.19"]

1. e4 d5 2. exd5 Qxd5 3. Nc3 Qa5 4. d4 c6 5. Bc4 Bf5 6. Nf3 Nf6 7. Bd2 e6
8. Nd5 Qd8 9. Nxf6+ Qxf6 10. Qe2 Bd6 11. O-O-O O-O 12. Ne5 b5 13. Bb3 a5
14. a3 b4 15. a4 Qh4 16. Be3 Rd8 17. g4 Be4 18. Rhg1 Nd7 19. f4 Qe7 20. Kb1
Bd5 21. Nc4 Bc7 22. Bc1 c5 23. f5 cxd4 24. Rxd4 Nc5 25. Rgd1 Qf6 26. fxe6
fxe6 27. g5 Qf5 28. Ne3 Qe5 29. Bxd5 exd5 30. Rxd5 Qe7 31. Qc4 Ne6 32.
Rxd8+ Rxd8 33. Nd5 Qc5 34. Qe4 Re8 35. Re1 Bxh2 36. Qf5 Qc6 37. g6 hxg6 38.
Qxg6 Qxd5 39. Qxe8+ Nf8 40. Qb5 Qf7 41. b3 Bc7 42. Bb2 Ne6 43. Qc4 Ng5 44.
Re8+ Kh7 45. Qxf7 1-0

[Event "9th Amplico Life Rapid"]
[Site "Warsaw POL"]
[Date "2009.12.19"]
[Round "4"]
[White "Sotsky,A"]
[Black "Sabuk,P"]
[Result "1/2-1/2"]
[WhiteElo "2410"]
[BlackElo "2203"]
[EventDate "2009.12.19"]

1. d4 Nf6 2. c3 d6 3. Bg5 Ne4 4. Bh4 g5 5. Bg3 Bg7 6. e3 c5 7. Bd3 Nxg3 8.
hxg3 h6 9. f4 e5 10. dxe5 dxe5 11. Bb5+ Bd7 12. Bxd7+ Nxd7 13. Nd2 Qe7 14.
Qe2 O-O-O 15. O-O-O f5 16. e4 exf4 17. gxf4 Rhe8 18. fxg5 hxg5 19. Nc4 Nb6
20. Rxd8+ Qxd8 21. e5 Nxc4 22. Qxc4 Rxe5 23. Nf3 Rd5 24. Rh7 Bf6 25. Rf7 g4
26. Rxf6 gxf3 27. gxf3 Rd1+ 28. Kc2 Rd2+ 29. Kc1 Rd1+ 1/2-1/2

[Event "9th Amplico Life Rapid"]
[Site "Warsaw POL"]
[Date "2009.12.19"]
[Round "4"]
[White "Rimeikis,A"]
[Black "Gdanski,J"]
[Result "0-1"]
[WhiteElo "2004"]
[BlackElo "2509"]
[EventDate "2009.12.19"]

1. e4 e6 2. d4 d5 3. Nd2 c5 4. exd5 exd5 5. Bb5+ Nc6 6. Ngf3 Bd6 7. O-O
Nge7 8. dxc5 Bxc5 9. Nb3 Bd6 10. Re1 O-O 11. c3 Bg4 12. Bg5 Qc7 13. h3 Bh5
14. Be2 Rfe8 15. Nbd4 a6 16. Qd2 h6 17. Be3 Na5 18. Nh4 Nc4 19. Bxc4 dxc4
20. Ndf5 Nxf5 21. Nxf5 Bh2+ 22. Kh1 Bg6 23. Nd4 Rad8 24. Qe2 b5 25. Qg4 Re4
26. Qf3 Bd6 27. Nf5 Bxf5 28. Qxf5 Rde8 29. Bd2 Re2 30. Rad1 Qc5 31. Qxc5
Bxc5 32. Rxe2 Rxe2 33. f4 f5 34. Kh2 Kf7 35. Kg3 Ke6 36. Re1 Bf2+ 37. Kf3
Rxe1 0-1

[Event "9th Amplico Life Rapid"]
[Site "Warsaw POL"]
[Date "2009.12.19"]
[Round "4"]
[White "Jaroch,P"]
[Black "Zherebukh,Y"]
[Result "0-1"]
[WhiteElo "2229"]
[BlackElo "2527"]
[EventDate "2009.12.19"]

1. c4 Nf6 2. Nc3 e6 3. d4 Bb4 4. e3 O-O 5. Bd3 d5 6. Nge2 c5 7. a3 dxc4 8.
Bxc4 Bxc3+ 9. bxc3 b6 10. O-O Ba6 11. Bxa6 Nxa6 12. Ng3 Qd7 13. e4 Rfc8 14.
Bg5 Ne8 15. Qe2 Nac7 16. dxc5 Nb5 17. Be3 Nxc3 18. Qe1 Na4 19. cxb6 axb6
20. Qb4 b5 21. Rfc1 Qd3 22. Rd1 Qc4 23. Qe7 Rc7 24. Qh4 Nc3 25. Rd8 Rcc8
26. Rxc8 Rxc8 27. Qh5 Nf6 28. Qe5 Nfxe4 29. Nxe4 Qxe4 30. Qxe4 Nxe4 31. Rb1
Nc3 32. Rb3 f6 33. Kf1 e5 34. Ke1 Kf7 35. Bd2 Ne4 36. Rxb5 Rc2 37. Be3 Ra2
38. Rb3 Ke6 39. Rd3 f5 40. f3 Nf6 41. Kf1 Nd5 42. Bd2 e4 43. fxe4 fxe4 44.
Rg3 Rxd2 45. Rxg7 e3 46. Rg8 Ke5 47. Rg5+ 0-1

[Event "9th Amplico Life Rapid"]
[Site "Warsaw POL"]
[Date "2009.12.19"]
[Round "4"]
[White "Zubov,A UKR"]
[Black "Rutkowski,M"]
[Result "1-0"]
[WhiteElo "2581"]
[BlackElo "2405"]
[EventDate "2009.12.19"]

1. d4 Nf6 2. c4 g6 3. Nc3 Bg7 4. e4 d6 5. Nf3 O-O 6. h3 c5 7. d5 e6 8. Bd3
Na6 9. O-O Nc7 10. Re1 Rb8 11. Bg5 h6 12. Bh4 e5 13. Nd2 Qe8 14. Be2 a6 15.
a3 b5 16. b4 bxc4 17. Nxc4 cxb4 18. axb4 Qe7 19. Na5 Bd7 20. Nc6 Bxc6 21.
Bxf6 Qxf6 22. dxc6 Rxb4 23. Bxa6 Rd4 24. Qc2 Qe6 25. Nb5 Nxb5 26. Bxb5 d5
27. c7 Rc8 28. Ra6 Qe7 29. Rc6 Qb4 30. Rb1 Qa5 31. Bf1 Rd2 32. Qxd2 Qxd2
33. Rb8 1-0

[Event "9th Amplico Life Rapid"]
[Site "Warsaw POL"]
[Date "2009.12.19"]
[Round "4"]
[White "Neiksans,A"]
[Black "Matuszewski,M"]
[Result "1-0"]
[WhiteElo "2487"]
[BlackElo "2299"]
[EventDate "2009.12.19"]

1. e4 c5 2. Nf3 d6 3. d4 cxd4 4. Nxd4 Nf6 5. Nc3 a6 6. Be2 e5 7. Nb3 Be7 8.
Bg5 Be6 9. Bxf6 Bxf6 10. O-O O-O 11. Nd5 Bg5 12. Bg4 Nd7 13. Bxe6 fxe6 14.
Nc3 Nf6 15. Qd3 Qe7 16. Rad1 Rad8 17. Qc4 Kh8 18. a4 Qf7 19. Qb4 d5 20. Nc5
Ng4 21. exd5 Nxf2 22. N5e4 Be3 23. Nxf2 Bxf2+ 24. Kh1 exd5 25. Nxd5 Bc5 26.
Rxf7 Bxb4 27. Rxf8+ Bxf8 28. Ne3 Rxd1+ 29. Nxd1 Bc5 30. g3 Kg8 31. Kg2 Kf7
32. Kf3 Ke6 33. Ke4 Bd4 34. c3 Bg1 35. h3 g6 36. b3 Bh2 37. g4 Bf4 38. Nf2
Bd2 39. Kd3 Bg5 40. Ne4 Be7 41. Kc4 h5 42. b4 b6 43. b5 a5 44. Kd3 hxg4 45.
hxg4 Kd5 46. c4+ Ke6 47. Nd2 Kf6 48. Nf3 Bd6 49. Ke4 Ke6 50. g5 Bc7 51. Nh4
Bd8 52. Nxg6 Bxg5 53. Nxe5 Be7 54. Nd3 Bf8 55. Nc1 Kd6 56. Nb3 Ke6 57. Kd3
Be7 58. Kd4 Bf6+ 59. Ke4 Be7 60. Nd4+ Kd7 61. Kd5 Bc5 62. Nc6 Bf2 63. Ne5+
Kc7 64. Ke6 Bd4 65. Nc6 Bf2 66. Ne7 Bg1 67. Nd5+ Kb7 68. Kd7 Bf2 69. Ne7
Bc5 70. Nf5 Bf2 71. Nd6+ Ka7 72. Kc6 Kb8 73. Ne8 Be3 74. Nc7 Bf2 75. Nd5
Ka7 76. Kc7 Bc5 77. Kc8 Ka8 78. Nf6 Bd4 79. Nd7 Ka7 80. c5 bxc5 81. b6+ Ka6
82. b7 1-0

[Event "9th Amplico Life Rapid"]
[Site "Warsaw POL"]
[Date "2009.12.19"]
[Round "4"]
[White "Muzychuk,M"]
[Black "Hracek,Z"]
[Result "0-1"]
[WhiteElo "2447"]
[BlackElo "2624"]
[EventDate "2009.12.19"]

1. e4 c5 2. c4 d6 3. Ne2 g6 4. d4 Bg7 5. Nbc3 Nd7 6. Be3 Ngf6 7. f3 O-O 8.
d5 a6 9. g4 b5 10. cxb5 Ne5 11. Ng3 Qa5 12. Bd2 axb5 13. Nxb5 Qb6 14. Be2
Nxf3+ 15. Bxf3 Qxb5 16. Bc3 Nd7 17. Be2 Bxc3+ 18. bxc3 Qb2 19. O-O Rxa2 20.
Rxa2 Qxa2 21. Qc1 Ne5 22. h3 Bd7 23. Rf2 Ra8 24. Kg2 Qa1 25. Rf1 Qxc1 26.
Rxc1 Ra2 27. Rb1 Rc2 28. Rb3 Kg7 29. g5 h6 30. h4 hxg5 31. hxg5 Ra2 32. c4
Nxc4 33. Rb7 Ne5 34. Kf2 c4 35. Rc7 Ra3 36. Nf1 Ra2 37. Ke1 Bg4 38. Bxg4
Nxg4 39. Nd2 Ne5 40. Nxc4 Nxc4 41. Rxc4 Rg2 42. Rc7 Rxg5 43. Rxe7 Re5 44.
Rxe5 dxe5 45. Ke2 f5 46. Ke3 Kf7 47. Kf3 Ke7 48. Ke3 fxe4 0-1

[Event "9th Amplico Life Rapid"]
[Site "Warsaw POL"]
[Date "2009.12.19"]
[Round "4"]
[White "Kukawski,M"]
[Black "Shirov,A"]
[Result "0-1"]
[WhiteElo "2327"]
[BlackElo "2719"]
[EventDate "2009.12.19"]

1. e4 e5 2. Nf3 Nc6 3. Bb5 a6 4. Ba4 b5 5. Bb3 Na5 6. O-O d6 7. d4 Nxb3 8.
axb3 f6 9. Nc3 Bg4 10. Be3 Ne7 11. h3 Bh5 12. g4 Bf7 13. Nh4 h5 14. Nf5
hxg4 15. hxg4 Nxf5 16. exf5 g6 17. Qf3 gxf5 18. Qc6+ Ke7 19. dxe5 Be6 20.
Nd5+ Kf7 21. exf6 Rh4 22. f3 fxg4 23. Bg5 Rh5 24. f4 Bd7 25. Qc3 c6 26. Ne3
Qb6 27. Kg2 Rh3 28. Rae1 Re8 29. f5 c5 30. Qd2 Bc6+ 31. Nd5 Rxe1 32. Rxe1
c4 33. Rd1 Qc5 34. Qd4 Qxd4 35. Rxd4 cxb3 36. cxb3 Rxb3 0-1

[Event "9th Amplico Life Rapid"]
[Site "Warsaw POL"]
[Date "2009.12.19"]
[Round "4"]
[White "Kuzmicz,K"]
[Black "Zhigalko,A"]
[Result "0-1"]
[WhiteElo "2417"]
[BlackElo "2600"]
[EventDate "2009.12.19"]

1. e4 c5 2. d3 Nc6 3. g3 g6 4. Bg2 Bg7 5. f4 d6 6. Nf3 e5 7. O-O Nge7 8. f5
f6 9. Nc3 Nd4 10. g4 Bd7 11. Ne2 Bc6 12. c3 Nxf3+ 13. Bxf3 d5 14. Ng3 Qc7
15. exd5 Nxd5 16. Be4 O-O-O 17. Qf3 Kb8 18. a3 Rd7 19. Bd2 Rhd8 20. b4 Ne7
21. Qf2 Rxd3 22. Bxd3 Rxd3 23. Be3 gxf5 24. gxf5 Nd5 25. Rfe1 Qd7 26. Rad1
Nf4 27. Rxd3 Nxd3 28. Qe2 Nxe1 29. Qxe1 Qd5 30. Qd2 cxb4 31. cxb4 Qxd2 32.
Bxd2 Bf8 33. Nh5 Be7 34. Bh6 Bf3 35. Ng3 Kc7 36. Kf2 Bd1 37. Ke3 Kc6 38.
Ne4 Bc2 39. Ng3 Kb5 40. Kd2 Bb1 41. Kc1 Bd3 42. Kd2 e4 43. Bg7 Ka4 44. Nh5
Kxa3 45. Bxf6 Bxb4+ 46. Ke3 a5 47. Bd8 Bc5+ 48. Kd2 a4 49. Nf4 Bc4 50. Kc3
b5 51. Ne6 Bd6 52. h4 e3 53. Nd4 Bb4+ 54. Kc2 e2 55. Nxe2 Bxe2 56. f6 Bh5
0-1

[Event "9th Amplico Life Rapid"]
[Site "Warsaw POL"]
[Date "2009.12.19"]
[Round "4"]
[White "Mikrut,D"]
[Black "Gosciniak,M"]
[Result "1-0"]
[WhiteElo "2400"]
[BlackElo "2188"]
[EventDate "2009.12.19"]

1. d4 c5 2. d5 e6 3. Nc3 d6 4. e4 exd5 5. Nxd5 Nc6 6. Nf3 Be6 7. Bc4 Nge7
8. Bg5 Bg4 9. h3 Bh5 10. O-O Ne5 11. Nxe5 Bxd1 12. Nf6+ 1-0

[Event "9th Amplico Life Rapid"]
[Site "Warsaw POL"]
[Date "2009.12.19"]
[Round "4"]
[White "Stupak,K"]
[Black "Markowski,T"]
[Result "1-0"]
[WhiteElo "2456"]
[BlackElo "2629"]
[EventDate "2009.12.19"]

1. d4 d6 2. g3 g6 3. Bg2 Bg7 4. e4 Nf6 5. Nc3 O-O 6. Nge2 e5 7. O-O Nc6 8.
dxe5 Nxe5 9. h3 Re8 10. b3 Ned7 11. Be3 Nc5 12. Bxc5 dxc5 13. Qxd8 Rxd8 14.
Rad1 Rxd1 15. Rxd1 Kf8 16. e5 Ne8 17. f4 Rb8 18. Ne4 b6 19. c4 Ke7 20. N2c3
c6 21. Nd6 Nxd6 22. Rxd6 f6 23. Rxc6 fxe5 24. Rc7+ Bd7 25. Bc6 Rd8 26. Rxa7
exf4 27. Nd5+ Kd6 28. Rxd7+ Rxd7 29. Bxd7 Kxd7 30. gxf4 Kc6 31. a4 Bb2 32.
Kf2 Bc1 33. Kf3 g5 34. f5 Kd6 35. Nxb6 Bd2 36. Kg4 Ke5 37. Nd7+ Kd6 38. Nf6
1-0

[Event "9th Amplico Life Rapid"]
[Site "Warsaw POL"]
[Date "2009.12.19"]
[Round "4"]
[White "Gritsak,O"]
[Black "Bognar,C"]
[Result "1-0"]
[WhiteElo "2521"]
[BlackElo "2248"]
[EventDate "2009.12.19"]

1. Nf3 Nf6 2. c4 g6 3. b4 Bg7 4. Bb2 d6 5. d4 O-O 6. e3 Nbd7 7. Be2 Re8 8.
O-O c6 9. Qb3 e5 10. Nc3 h6 11. Rfd1 Nh7 12. Ne4 Qe7 13. dxe5 dxe5 14. c5
Ndf8 15. Nd6 Rd8 16. Bc4 Be6 17. Bxe6 Nxe6 18. Nxe5 Nxc5 19. bxc5 Bxe5 20.
Bxe5 Qxe5 21. Qxf7+ Kh8 22. Qxg6 Rxd6 23. Qxd6 Qg7 24. Qg3 Qf6 25. Qf4 Qg7
26. Qd4 Nf6 27. Rab1 Rg8 28. g3 Kh7 29. Qe5 Rf8 30. Rd4 Rf7 31. Qf5+ Kh8
32. Rd8+ Ng8 33. Qe6 Qh7 34. Rbd1 Rg7 35. Qe5 Qg6 36. R1d7 1-0

[Event "9th Amplico Life Rapid"]
[Site "Warsaw POL"]
[Date "2009.12.19"]
[Round "4"]
[White "Leniart,A"]
[Black "Kudzma,L"]
[Result "1/2-1/2"]
[WhiteElo "2439"]
[BlackElo "2236"]
[EventDate "2009.12.19"]

1. d4 Nf6 2. c4 e6 3. Nf3 c5 4. d5 b5 5. dxe6 fxe6 6. cxb5 d5 7. e3 Bd6 8.
b4 c4 9. a3 e5 10. Bb2 Qe7 11. Be2 Bb7 12. Nbd2 O-O 13. O-O e4 14. Nd4 Nfd7
15. g3 Ne5 16. f4 exf3 17. N2xf3 Ng4 18. Qd2 Qxe3+ 19. Qxe3 Nxe3 20. Rf2
Nd7 21. Ng5 Ne5 22. Nge6 Rxf2 23. Kxf2 N3g4+ 24. Kg1 Re8 25. h3 Nf6 26. Nc5
Bc8 27. Kg2 Nf7 28. Bf3 Ng5 29. g4 Nxf3 30. Kxf3 Ne4 31. Nxe4 Rxe4 32. Bc3
h5 33. Nf5 hxg4+ 34. hxg4 Rf4+ 35. Ke3 Re4+ 36. Kf3 Bxf5 37. gxf5 Rh4 38.
Be1 Rf4+ 39. Ke2 d4 40. Rd1 Be5 41. Bf2 d3+ 42. Ke3 Rxf5 43. Ke4 Rxf2 44.
Kxe5 c3 45. Rxd3 c2 46. Rc3 Rf3 47. Rxc2 Rxa3 48. Kd5 Kf7 49. Kc5 g5 50.
Rc4 Ke6 51. b6 axb6+ 52. Kxb6 Kf5 53. Rc8 g4 54. b5 g3 55. Rg8 Kf4 56. Kc7
Rc3+ 57. Kb7 Kf3 58. b6 g2 59. Kb8 Kf2 60. b7 g1=Q 61. Rxg1 Kxg1 62. Ka7
Ra3+ 63. Kb6 1/2-1/2

[Event "9th Amplico Life Rapid"]
[Site "Warsaw POL"]
[Date "2009.12.19"]
[Round "4"]
[White "Olszewski,Mi"]
[Black "Narmontas,M"]
[Result "1-0"]
[WhiteElo "2541"]
[BlackElo "2370"]
[EventDate "2009.12.19"]

1. d4 d5 2. c4 c6 3. Nf3 Nf6 4. Nc3 a6 5. a4 e6 6. g3 dxc4 7. Bg2 c5 8.
dxc5 Qxd1+ 9. Nxd1 Nc6 10. Ne3 Bxc5 11. Nxc4 Bd7 12. O-O Ke7 13. Nfe5 Rac8
14. Nd3 Ba7 15. b3 Nd5 16. Ba3+ Kf6 17. e4 Nc3 18. e5+ Kg6 19. Nd6 Rcf8 20.
Nxb7 Rb8 21. Nbc5 Be8 22. Rfe1 Nd4 23. Bb2 Nxb3 24. Nxa6 Nxa1 25. Nf4+ Kh6
26. Nxb8 Nxa4 27. Bxa1 Bxb8 28. Bd4 Bd7 29. Be3 g5 30. Nh3 Rg8 31. Nxg5 Kg7
32. Rd1 Bb5 33. Rd4 h5 34. Rf4 Rf8 35. Bd4 Bd3 36. Bh3 Kg8 37. Bf1 Bxf1 38.
Kxf1 Bc7 39. Rh4 Rd8 40. Nf3 Nb6 41. Rxh5 Nd7 42. Rg5+ Kf8 43. h4 Ke7 44.
h5 Rh8 45. Nh2 Bd8 46. Ng4 Kf8 47. Nf6 Nxf6 48. exf6 Rh6 49. Bc5+ Ke8 50.
Be3 Rh8 51. Bd4 Bc7 52. g4 Kd7 53. Rg7 Ke8 54. g5 e5 55. g6 exd4 56. Rxf7
Bd6 57. g7 Rg8 58. Ra7 1-0

[Event "9th Amplico Life Rapid"]
[Site "Warsaw POL"]
[Date "2009.12.19"]
[Round "4"]
[White "Chalupnik,M"]
[Black "Vovk,A"]
[Result "0-1"]
[WhiteElo "2284"]
[BlackElo "2512"]
[EventDate "2009.12.19"]

1. e4 c5 2. Nf3 e6 3. d4 cxd4 4. Nxd4 a6 5. c4 Qc7 6. Nc3 Nf6 7. a3 b6 8.
Be2 Bb7 9. f3 Nc6 10. Be3 Bc5 11. b4 Bxd4 12. Bxd4 Nxd4 13. Qxd4 e5 14. Qe3
d6 15. O-O O-O 16. Rac1 Rac8 17. Rfd1 Rfd8 18. Rd2 Bc6 19. Rdc2 Nd7 20. Bd3
Qb8 21. Nd5 Bxd5 22. cxd5 Rxc2 23. Rxc2 Rc8 24. Rc6 Rxc6 25. dxc6 Nf8 26.
Bxa6 Qc7 27. Qc3 Ne6 28. Bf1 b5 29. g3 Nd4 30. Kg2 Kf8 31. a4 bxa4 32. b5
Ke7 33. Qb4 Qb6 34. Qxa4 Qc5 35. Qc4 Qa3 0-1

[Event "9th Amplico Life Rapid"]
[Site "Warsaw POL"]
[Date "2009.12.19"]
[Round "4"]
[White "Vidarte Morales,A"]
[Black "Bartel,Mat"]
[Result "1/2-1/2"]
[WhiteElo "2423"]
[BlackElo "2618"]
[EventDate "2009.12.19"]

1. c4 e5 2. Nc3 Nc6 3. g3 d6 4. Bg2 Be6 5. d3 Qd7 6. Rb1 g6 7. b4 Bg7 8. b5
Nd8 9. a4 Rb8 10. h4 h5 11. Nf3 f6 12. Nd2 Ne7 13. Nd5 O-O 14. Qb3 Bf7 15.
Ba3 Ne6 16. e3 f5 17. Qc2 Kh8 18. f4 c6 19. Nxe7 Qxe7 20. Kf2 c5 21. Bb2
Rbe8 22. Rbe1 Bg8 23. Nf3 Nd8 24. Ng5 Nf7 25. Rhf1 Nxg5 26. hxg5 Kh7 27.
Kg1 exf4 28. gxf4 Be6 29. Bf3 Qf7 30. Bxg7 Qxg7 31. Qg2 Re7 32. a5 Rfe8 33.
b6 axb6 34. axb6 Qc3 35. Rd1 Bc8 36. e4 Qb3 37. Qd2 Qxb6 38. Rb1 Qc7 39.
Qb2 Rf8 40. Bg2 fxe4 41. dxe4 Ref7 42. f5 Qe7 43. f6 Qe6 44. Qd2 Qe5 45.
Rb6 Rd8 46. Qd5 Kg8 47. Rd1 Qg3 48. Rxd6 Qe3+ 49. Kh1 Rxd6 50. Qxd6 Bh3 51.
Qd2 Qg3 1/2-1/2

[Event "9th Amplico Life Rapid"]
[Site "Warsaw POL"]
[Date "2009.12.19"]
[Round "4"]
[White "Jakubowski,K"]
[Black "Eggink,R"]
[Result "1/2-1/2"]
[WhiteElo "2502"]
[BlackElo "1902"]
[EventDate "2009.12.19"]

1. e4 c5 2. Nf3 Nc6 3. d4 cxd4 4. Nxd4 Nf6 5. Nc3 e6 6. Ndb5 Bb4 7. a3
Bxc3+ 8. Nxc3 d5 9. exd5 exd5 10. Bd3 O-O 11. O-O d4 12. Ne2 Qd5 13. c4
dxc3 14. Nxc3 Qa5 15. b4 Nxb4 16. axb4 Qxa1 17. Qc2 Nd5 18. Nxd5 Qd4 19.
Rd1 Qh4 20. g3 Qh5 21. Be2 Bg4 22. Nf4 Qf5 23. Qxf5 Bxf5 24. Rd5 Be4 25.
Rd7 Rfd8 26. Re7 Re8 27. Rxe8+ Rxe8 28. Be3 b6 29. b5 Rc8 30. f3 Bb7 31.
Kf1 Rc3 32. Kf2 Ra3 33. h4 a6 34. Bxb6 axb5 35. Bc5 Rb3 36. Nd3 Bd5 37. Ke3
Bc4 38. Kd2 Rb1 39. Bd4 Rb3 40. Nc1 Ra3 41. Bb2 Ra6 42. Bxc4 bxc4 43. Ne2
Rb6 44. Bd4 Rb3 45. Bc3 Ra3 46. Nd4 Ra2+ 47. Nc2 h5 48. Bd4 Ra6 49. Kc3 Rc6
50. Ne3 f6 51. Nxc4 Kf7 52. Kd3 Ra6 53. Ne3 Rc6 54. Nd5 Ra6 55. Nf4 Ra5 56.
Ke4 Rb5 57. Nd5 Ra5 58. f4 Ra3 59. Bc3 Ra4+ 60. Bb4 Kg6 61. f5+ Kh6 62. Kf3
Ra2 63. Nf4 Rb2 64. Bc5 Rb3+ 65. Be3 Ra3 66. Nd5+ Kh7 67. Ke4 Ra6 68. Nf4
Kh6 69. Nd3+ Kh7 70. Nc5 Ra8 71. Kd5 Re8 72. Bf4 g6 73. fxg6+ Kxg6 74. Nb7
Re1 75. Nd6 Re2 76. Nc4 Re1 77. Ne3 Re2 78. Ke4 Ra2 79. Kf3 Rb2 80. g4
hxg4+ 81. Kxg4 Rb1 82. h5+ Kg7 83. Nf5+ Kh7 84. Nd6 Kg7 85. Nf5+ Kh7 86.
Nd6 Kg7 87. Ne4 Rh1 88. Ng3 Rb1 89. Kf5 Rb5+ 90. Ke6 Rb6+ 91. Ke7 Rb7+ 92.
Ke6 Rb6+ 93. Kd5 Rb5+ 94. Ke6 Rb6+ 95. Bd6 Kh6 96. Ke7 Kg5 97. Bc7 Rb3 98.
Ke6 Rxg3 99. Bxg3 Kxh5 100. Kxf6 1/2-1/2

[Event "9th Amplico Life Rapid"]
[Site "Warsaw POL"]
[Date "2009.12.19"]
[Round "4"]
[White "Kanarek,M"]
[Black "Moranda,W"]
[Result "0-1"]
[WhiteElo "2405"]
[BlackElo "2579"]
[EventDate "2009.12.19"]

1. e4 c5 2. Nf3 d6 3. d4 cxd4 4. Nxd4 Nf6 5. Nc3 a6 6. Bg5 e6 7. f4 Qc7 8.
Bxf6 gxf6 9. Qd2 Nc6 10. Be2 h5 11. O-O-O Bd7 12. Rhe1 Nxd4 13. Qxd4 Be7
14. Bf1 Qc5 15. Qd2 O-O-O 16. Re3 Kb8 17. Kb1 f5 18. Bd3 fxe4 19. Nxe4 Qc7
20. Qb4 Bc6 21. Qb3 d5 22. Ng3 Ka7 23. Ne2 d4 24. Rg3 h4 25. Rg4 h3 26.
gxh3 Rxh3 27. Rg7 Bf6 28. Rh7 Rxh7 29. Bxh7 Rh8 30. Qh3 Be4 0-1